00294nam a22001097a 4500008004100000020002200041100002300063245005900086250000900145260002200154300000800176250830b |||||||| |||| 00| 0 eng d a978-93-530-6702-1 aR Sharda & D Delen aBusiness Intelligence Analytics & Data Science 4th Ed. a4th  aUPbPearsonc2025 a512